000 00491nam a2200181 a 4500
001 1770453313476
003 YourLibrary
005 20260207140846.0
008 260207s1999##################000#0#eng##
020 _a9781858988580
082 0 4 _a332.6
_bWEB
100 1 _aWebster, Elizabeth,
_eauthor.
245 1 0 _aThe Economics of Intangible Investment :
260 _bEdward Elgar Publishing,
_c1999.
650 0 _aCapital.
942 _cENGLISH
040 _aYourLibrary
_beng
_cYourLibrary
999 _c611102
_d611102